Somerfield Stores Ltd v Spring (Sutton Coldfield) Ltd (Record no. 81980)

MARC details
000 -LEADER
fixed length control field 01489cad a22002055a 4500
001 - CONTROL NUMBER
control field L148866
008 - FIXED-LENGTH DATA ELEMENTS--GENERAL INFORMATION
fixed length control field 091118e20090612xxk f v 000 0 eng d
035 ## - SYSTEM CONTROL NUMBER
System control number (Sirsi) u148866
041 0# - LANGUAGE CODE
Language code of text/sound track or separate title eng
245 00 - TITLE STATEMENT
Title Somerfield Stores Ltd v Spring (Sutton Coldfield) Ltd
Medium [electronic resource]
260 ## - PUBLICATION, DISTRIBUTION, ETC.
Date of publication, distribution, etc. 2009
520 ## - SUMMARY, ETC.
Summary, etc. [2009] EWHC 2384 (Ch), 12 June 2009. The case relates to a delay in renewal of a commercial lease from a landlord in administration. Somerfield (S) was tenant of a shop. At the end of the lease, S started proceedings for its renewal. The Landlord (P), entered into administration, denied the renewal of the lease to increase the value of the property as it intended to redevelop it. S tried in court to have its renewal rights respected under the Landlord and Tenant Act 1954. P justified his refusal by wanting to delay the renewal proceedings to increase the value of the sale. "Held:" The fact that P entered into administration should not prevent S having its lease renewed. S is allowed to continue its proceedings for a new tenancy.
590 ## - LOCAL NOTE (RLIN)
Local note KA
650 24 - SUBJECT ADDED ENTRY--TOPICAL TERM
Topical term or geographic name entry element SOMERFIELD STORES LTD V SPRING (SUTTON COLDFIELD) LTD
650 24 - SUBJECT ADDED ENTRY--TOPICAL TERM
Topical term or geographic name entry element ATLANTIC COMPUTER SYSTEMS PLC, RE
651 #4 - SUBJECT ADDED ENTRY--GEOGRAPHIC NAME
Geographic name England and Wales
Chronological subdivision 1543-
690 ## - LOCAL SUBJECT ADDED ENTRY--TOPICAL TERM (OCLC, RLIN)
Topical term or geographic name as entry element PROPERTY-COMMERCIAL PROPERTY-COMMERCIAL LANDLORD AND TENANT-COMMERCIAL LEASES-COMMERCIAL LEASE RENEWAL
856 40 - ELECTRONIC LOCATION AND ACCESS
Uniform Resource Identifier <a href="https://www.bailii.org/ew/cases/EWHC/Ch/2009/2384.html">https://www.bailii.org/ew/cases/EWHC/Ch/2009/2384.html</a>
Public note View the case free of charge at www.bailli.org...
942 ## - ADDED ENTRY ELEMENTS (KOHA)
Suppress in OPAC 0
Holdings
Withdrawn status Lost status Source of classification or shelving scheme Damaged status Not for loan Home library Current library Shelving location Date acquired Total Checkouts Full call number Barcode Date last seen Copy number Price effective from Koha item type
    Dewey Decimal Classification     Virtual Virtual Online 18/11/2009   ONLINE PUBLICATION 148866-2001 06/08/2019 1 06/08/2019 Law report